Biggest Cities, Towns, Villages in Wales - Statistics

General Stats
  • This quiz has been taken 372 times
  • The average score is 13 of 36
Answer Stats
Population City / Town / Village % Correct
348,546 Cardiff
98%
170,055 Swansea
94%
130,900 Newport
86%
44,790 Wrexham
76%
14,648 Aberystwyth
70%
16,993 Bangor
65%
39,537 Merthyr Tydfil
52%
14,709 Llandudno
50%
40,717 Neath
48%
56,587 Barry
47%
42,175 Llanelli
47%
31,550 Port Talbot
47%
26,992 Rhyl
45%
51,785 Bridgend
44%
16,460 Carmarthen
43%
33,118 Caerphilly
39%
31,914 Pontypridd
39%
15,725 Conwy
31%
47,091 Cwmbran
29%
29,062 Pontypool
29%
37,691 Aberdare
26%
29,268 Colwyn Bay
26%
16,680 Prestatyn
23%
28,394 Penarth
22%
19,633 Ebbw Vale
21%
14,249 Milford Haven
20%
15,798 Porthcawl
16%
18,332 Maesteg
13%
17,203 Tonypandy
11%
16,762 Connah's Quay
10%
14,529 Tredegar
9%
15,197 Risca
8%
14,109 Gorseinon
6%
14,080 Pyle
5%
14,280 Hawarden
4%
14,157 Church Village
2%
No matching quizzes found
Score Distribution
Percent of People with Each Score
Percentile by Number Answered
Your Score History
You have not taken this quiz